000 00356nam a2200145Ia 4500
008 230917s9999||||xx |||||||||||||| ||und||
040 _e113974
_aMAIN
041 _aEnglish
082 _a658.4092 K281B
100 _aKellerman,Barbara
245 0 _aBad headnship
260 _aBoston
_bHarvard business school
_c2004
300 _a282p. p.
942 _cBK
999 _c136434
_d136434